[Event "Hessen-ch Seniors op 07th"]
[Site "Bad Sooden-Allendorf"]
[Date "2011.05.03"]
[Round "4"]
[White "Gunnarsson, Leif"]
[Black "Nagorni, Walter"]
[Result "1-0"]
[WhiteElo "1778"]
[BlackElo "1929"]
[PlyCount "159"]
[EventDate "2011.04.30"]
[EventType "swiss"]
[EventRounds "9"]
[EventCountry "GER"]
[SourceTitle "EXT 2012"]
[Source "ChessBase"]
[SourceDate "2011.11.24"]
[SourceVersion "1"]
[SourceVersionDate "2011.11.24"]
[SourceQuality "1"]

1. e4 c5 2. Nf3 Nc6 3. d4 cxd4 4. Nxd4 g6 5. Nc3 Bg7 6. Be3 Nf6 7. Be2 0-0 8. 0-0 d5 9. exd5 Nb4 10. Bf3 Nfxd5 11. Nxd5 Nxd5 12. Bxd5 Qxd5 13. c3 e5 14. Nb3 Qc6 15. Qe2 b6 16. Rfd1 Be6 17. Nd2 h6 18. c4 Kh7 19. b3 f5 20. f3 f4 21. Bf2 e4 22. Nxe4 Bxa1 23. Rd6 Qc8 24. Rxe6 Bg7 25. Nd6 Qd7 26. c5 bxc5 27. Bxc5 Qc6 28. b4 Rad8 29. Nc4 Rd1+ 30. Kf2 Qa4 31. Bxf8 Bd4+ 32. Ne3 Bxe3+ 33. Rxe3 fxe3+ 34. Qxe3 Qxa2+ 35. Kg3 Qf7 36. Qxh6+ Kg8 37. Bc5 Rd5 38. Qe3 a5 39. Kf2 axb4 40. Bxb4 Rd7 41. Bc3 Rd5 42. Qb6 g5 43. Qb8+ Kh7 44. Qh8+ Kg6 45. g4 Qa7+ 46. Kg2 Qa2+ 47. Kh3 Kf7 48. Qf6+ Ke8 49. Qe6+ Kd8 50. Bf6+ Kc7 51. Bxg5 Qc4 52. Kg3 Qc5 53. Qe7+ Qxe7 54. Bxe7 Kd7 55. Bh4 Ke6 56. Kf4 Rd4+ 57. Ke3 Ra4 58. Bg3 Ra3+ 59. Kf4 Kf6 60. g5+ Kg6 61. Kg4 Ra4+ 62. f4 Rc4 63. h4 Ra4 64. h5+ Kg7 65. Be1 Rc4 66. Ba5 Kf7 67. Bd8 Rd4 68. Bf6 Rc4 69. Be5 Rc1 70. Kf5 Rh1 71. h6 Rh5 72. Kg4 Rh1 73. f5 Rg1+ 74. Bg3 Rh1 75. g6+ Kg8 76. h7+ Kf8 77. Be5 Rg1+ 78. Kh5 Rh1+ 79. Kg5 Rg1+ 80. Kf6 1-0

[Event "GER-ch Seniors 22nd"]
[Site "Berlin"]
[Date "2010.08.21"]
[Round "6"]
[White "Nagorni, Walter"]
[Black "Daeubler, Heinrich"]
[Result "1/2-1/2"]
[WhiteElo "1949"]
[BlackElo "2046"]
[PlyCount "93"]
[EventDate "2010.08.16"]
[EventType "swiss"]
[EventRounds "9"]
[EventCountry "GER"]
[SourceTitle "CBM 138 Extra"]
[Source "ChessBase"]
[SourceDate "2010.10.29"]
[SourceVersion "1"]
[SourceVersionDate "2010.10.29"]
[SourceQuality "1"]

1. Nf3 d5 2. d4 c6 3. g3 Bg4 4. Bg2 Nd7 5. h3 Bh5 6. c4 Ngf6 7. Nc3 e6 8. 0-0 Bd6 9. Qb3 Qb6 10. c5 Qxb3 11. axb3 Bc7 12. b4 0-0 13. Bf4 Bxf4 14. gxf4 Ne4 15. Rfe1 Bxf3 16. Bxf3 Nd2 17. Bg2 Nb3 18. Rad1 a5 19. b5 a4 20. Rd3 Ra5 21. b6 Nf6 22. e3 Rfa8 23. Nxa4 Nxd4 24. exd4 Rxa4 25. f5 Nh5 26. fxe6 fxe6 27. Rd2 Nf4 28. Kh2 Kf7 29. h4 h6 30. Bf3 g5 31. Kg3 Ra1 32. Rxa1 Rxa1 33. Rd1 Rxd1 34. Bxd1 e5 35. hxg5 hxg5 36. b4 Nd3 37. b5 Nb4 38. bxc6 Nxc6 39. Ba4 Nb8 40. dxe5 Ke6 41. f4 gxf4+ 42. Kxf4 Na6 43. c6 bxc6 44. Bxc6 d4 45. Bb5 Nc5 46. Bc4+ Kd7 47. Kf5 1/2-1/2

[Event "GER-ch Seniors 22nd"]
[Site "Berlin"]
[Date "2010.08.20"]
[Round "5"]
[White "Badestein, Hartmut"]
[Black "Nagorni, Walter"]
[Result "0-1"]
[WhiteElo "2055"]
[BlackElo "1949"]
[PlyCount "74"]
[EventDate "2010.08.16"]
[EventType "swiss"]
[EventRounds "9"]
[EventCountry "GER"]
[SourceTitle "CBM 138 Extra"]
[Source "ChessBase"]
[SourceDate "2010.10.29"]
[SourceVersion "1"]
[SourceVersionDate "2010.10.29"]
[SourceQuality "1"]

1. e4 c5 2. Nf3 Nc6 3. d4 cxd4 4. Nxd4 g6 5. c4 Bg7 6. Be3 Nf6 7. Nc3 0-0 8. Be2 d6 9. 0-0 Bd7 10. Rc1 Nxd4 11. Bxd4 Bc6 12. Bf3 a5 13. b3 Nd7 14. Bxg7 Kxg7 15. Re1 Qb6 16. Qd2 Ne5 17. Qe3 Qxe3 18. Rxe3 Rfc8 19. Be2 b6 20. f4 Nd7 21. Bg4 Rc7 22. Rce1 Nf6 23. Bf3 e5 24. g3 a4 25. Rd1 axb3 26. axb3 Nd7 27. Nd5 Bxd5 28. Rxd5 Rc5 29. Rd2 f6 30. Be2 Ra1+ 31. Kf2 Rca5 32. Bg4 Ra7 33. Be6 Kf8 34. f5 Ke7 35. g4 g5 36. h4 Rh1 37. Ree2 Rxh4 0-1

[Event "GER-ch Seniors 22nd"]
[Site "Berlin"]
[Date "2010.08.19"]
[Round "4"]
[White "Nagorni, Walter"]
[Black "Sailer, Hans Peter"]
[Result "1-0"]
[WhiteElo "1949"]
[BlackElo "1798"]
[PlyCount "65"]
[EventDate "2010.08.16"]
[EventType "swiss"]
[EventRounds "9"]
[EventCountry "GER"]
[SourceTitle "CBM 138 Extra"]
[Source "ChessBase"]
[SourceDate "2010.10.29"]
[SourceVersion "1"]
[SourceVersionDate "2010.10.29"]
[SourceQuality "1"]

1. Nf3 Nf6 2. c4 e6 3. Nc3 d5 4. d4 Bb4 5. g3 Ne4 6. Qc2 0-0 7. Bg2 c5 8. 0-0 f5 9. Rd1 Qa5 10. Bd2 Nxd2 11. Qxd2 Nc6 12. cxd5 exd5 13. dxc5 Qxc5 14. Qxd5+ Qxd5 15. Nxd5 Ba5 16. a3 Be6 17. Ng5 Bc8 18. Nf4 Ne7 19. Nge6 Re8 20. Rac1 Nc6 21. Bd5 Kh8 22. Ng5 g6 23. h4 Rb8 24. h5 Ne5 25. hxg6 hxg6 26. Kg2 Kg7 27. Rh1 Kf6 28. Nf3 Bd7 29. Rh6 Bc6 30. Bxc6 bxc6 31. Nxe5 Rxe5 32. b4 Bb6 33. Rxc6+ 1-0

[Event "GER-ch Seniors 22nd"]
[Site "Berlin"]
[Date "2010.08.17"]
[Round "2"]
[White "Nagorni, Walter"]
[Black "Minte, Horst"]
[Result "1/2-1/2"]
[WhiteElo "1949"]
[BlackElo "1613"]
[PlyCount "46"]
[EventDate "2010.08.16"]
[EventType "swiss"]
[EventRounds "9"]
[EventCountry "GER"]
[SourceTitle "CBM 138 Extra"]
[Source "ChessBase"]
[SourceDate "2010.10.29"]
[SourceVersion "1"]
[SourceVersionDate "2010.10.29"]
[SourceQuality "1"]

1. Nf3 d5 2. d4 Nf6 3. c4 c6 4. g3 Bg4 5. Bg2 e6 6. 0-0 Nbd7 7. Nc3 Bd6 8. cxd5 exd5 9. Bg5 h6 10. Bxf6 Nxf6 11. Re1 0-0 12. Qb3 Qb6 13. Qxb6 axb6 14. a3 Rfe8 15. Nd2 b5 16. f3 Bh5 17. e4 dxe4 18. fxe4 Nd7 19. e5 Bc7 20. Bh3 Nb6 21. Rac1 Na4 22. Nb3 Bb6 23. Re4 Rad8 1/2-1/2

[Event "GER-ch Seniors 22nd"]
[Site "Berlin"]
[Date "2010.08.16"]
[Round "1"]
[White "Husser, Oskar"]
[Black "Nagorni, Walter"]
[Result "1/2-1/2"]
[WhiteElo "1620"]
[BlackElo "1949"]
[PlyCount "110"]
[EventDate "2010.08.16"]
[EventType "swiss"]
[EventRounds "9"]
[EventCountry "GER"]
[SourceTitle "CBM 138 Extra"]
[Source "ChessBase"]
[SourceDate "2010.10.29"]
[SourceVersion "1"]
[SourceVersionDate "2010.10.29"]
[SourceQuality "1"]

1. Nf3 Nf6 2. c4 g6 3. g3 Bg7 4. Bg2 0-0 5. 0-0 c5 6. d4 cxd4 7. Nxd4 Nc6 8. Nc3 Qb6 9. e3 d6 10. Qb3 Qxb3 11. axb3 Bd7 12. Bd2 Rfc8 13. Nce2 a6 14. Bc3 Rab8 15. Rfd1 Nxd4 16. Nxd4 Bg4 17. f3 Bd7 18. Nc2 Bc6 19. e4 Nd7 20. Ne3 Nc5 21. b4 Ne6 22. Bxg7 Kxg7 23. b3 Nc7 24. Bh3 Rd8 25. Kf2 b6 26. Nd5 Bxd5 27. exd5 Ra8 28. Re1 Kf8 29. Re2 Ra7 30. Rae1 Ne8 31. g4 g5 32. Kg3 Nf6 33. Ra2 Nd7 34. Rea1 Rda8 35. Bf1 a5 36. Bd3 h6 37. Bf5 Ne5 38. f4 gxf4+ 39. Kxf4 Kg7 40. h4 f6 41. h5 Kf8 42. Bc2 Ke8 43. Kf5 Kd7 44. Bd1 Kc7 45. Ke6 Kd8 46. Be2 Ke8 47. bxa5 bxa5 48. Ra4 Nd7 49. b4 Nb6 50. Rxa5 Rxa5 51. bxa5 Nd7 52. Kf5 Kf7 53. Bd1 Nc5 54. Ba4 Ra7 55. Bc2 Nb7 1/2-1/2

[Event "EU-chT Seniors 12th"]
[Site "Dresden"]
[Date "2010.02.17"]
[Round "8"]
[White "Nagorni, Walter"]
[Black "Deppe, Christian"]
[Result "1/2-1/2"]
[WhiteElo "2093"]
[BlackElo "1931"]
[PlyCount "98"]
[EventDate "2010.02.10"]
[EventType "team-swiss"]
[EventRounds "9"]
[EventCountry "GER"]
[SourceTitle "CBM 134 Extra"]
[Source "ChessBase"]
[SourceDate "2010.03.03"]
[SourceVersion "1"]
[SourceVersionDate "2010.03.03"]
[SourceQuality "1"]
[WhiteTeam "Widukind (Seniors)"]
[BlackTeam "Dresden Striesen (Seniors)"]
[WhiteTeamCountry "GER"]
[BlackTeamCountry "GER"]

1. Nf3 f5 2. g3 Nf6 3. Bg2 e6 4. c4 Be7 5. Nc3 0-0 6. 0-0 c6 7. d4 d5 8. Rb1 a5 9. a3 Ne4 10. Qc2 Na6 11. Rd1 Qe8 12. Ne5 Nb8 13. b4 axb4 14. axb4 Nd7 15. Nxd7 Bxd7 16. f3 Nf6 17. Bf4 Qh5 18. Na4 Ra6 19. Nc5 Ra7 20. Ra1 Rfa8 21. Rxa7 Rxa7 22. Bb8 Ra8 23. Bc7 Bc8 24. b5 Ne8 25. Be5 Nd6 26. Bxd6 Bxd6 27. Nd3 Qe8 28. c5 Be7 29. b6 Bf6 30. Ne5 Bxe5 31. dxe5 Bd7 32. e4 Ra5 33. exd5 cxd5 34. f4 Ba4 35. Qc3 Bxd1 36. Qxa5 Ba4 37. Kf2 Bc6 38. Bf3 Qd8 39. Be2 Qd7 40. Qa8+ Qe8 41. Qxe8+ Bxe8 42. Ke3 Kf8 43. Kd4 Bc6 44. h3 Ke7 45. g4 g6 46. g5 Kd8 47. h4 Kc8 48. h5 Kd8 49. h6 Kc8 1/2-1/2

[Event "EU-chT Seniors 12th"]
[Site "Dresden"]
[Date "2010.02.15"]
[Round "6"]
[White "Nagorni, Walter"]
[Black "Versteeg, Cees"]
[Result "1-0"]
[WhiteElo "2093"]
[BlackElo "2052"]
[PlyCount "61"]
[EventDate "2010.02.10"]
[EventType "team-swiss"]
[EventRounds "9"]
[EventCountry "GER"]
[SourceTitle "CBM 134 Extra"]
[Source "ChessBase"]
[SourceDate "2010.03.03"]
[SourceVersion "1"]
[SourceVersionDate "2010.03.03"]
[SourceQuality "1"]
[WhiteTeam "Widukind (Seniors)"]
[BlackTeam "Oranje (Seniors) II"]
[WhiteTeamCountry "GER"]
[BlackTeamCountry "NED"]

1. Nf3 Nf6 2. c4 c5 3. g3 g6 4. Bg2 Bg7 5. 0-0 0-0 6. Nc3 Nc6 7. d4 cxd4 8. Nxd4 Nxd4 9. Qxd4 d6 10. Qd3 a6 11. Rd1 Qc7 12. Bg5 Be6 13. b3 h6 14. Bd2 Rab8 15. Rac1 Qd7 16. e4 Ng4 17. f4 b5 18. c5 dxc5 19. Qxd7 Bxd7 20. e5 h5 21. Ne4 Bf5 22. Nxc5 Bc8 23. h3 Nh6 24. Ba5 b4 25. Bc7 Rb5 26. Bf1 Nf5 27. Bxb5 axb5 28. Kf2 f6 29. e6 g5 30. Nd7 Re8 31. Rc5 1-0

[Event "Mecklenburg VP-ch Seniors op 09th"]
[Site "Binz"]
[Date "2009.12.07"]
[Round "7.20"]
[White "Schneider, Miloca"]
[Black "Nagorni, Walter"]
[Result "1/2-1/2"]
[WhiteElo "1809"]
[BlackElo "1913"]
[PlyCount "30"]
[EventDate "2009.12.01"]
[EventType "swiss"]
[EventRounds "9"]
[EventCountry "GER"]
[SourceTitle "EXT 2022"]
[Source "ChessBase"]
[SourceDate "2021.10.06"]
[SourceVersion "1"]
[SourceVersionDate "2021.10.06"]
[SourceQuality "1"]

1. d4 Nf6 2. c4 c5 3. e3 g6 4. Nc3 Bg7 5. g3 0-0 6. Bg2 Nc6 7. Nf3 d6 8. d5 Na5 9. Nd2 a6 10. a3 b6 11. b4 Nb7 12. Bb2 Bd7 13. 0-0 Rb8 14. Rb1 Qc8 15. Qe2 Re8 1/2-1/2